Liderlik dili: (Record no. 13769)

MARC details
000 -BAŞLIK
Sabit Uzunlukta Kontrol Alanı 00906nam a22002417a 4500
999 ## - SİSTEM KONTROL NUMARALARI (KOHA)
Koha Biblionumber 13769
Koha Biblioitemnumber 13769
003 - KONTROL NUMARASI IDENTIFIER
Denetim Alanı MIRAKIL
005 - SON İŞLEM TARİHİ VE ZAMANI
Denetim Alanı 20200214114258.0
008 - SABİT-BOY VERİ ELEMANLARI - GENEL BİLGİLER
Sabit Uzunlukta Kontrol Alanı 200214b tu ||||| |||| 00| 0 tur d
020 ## - ULUSLARARASI STANDART KİTAP NUMARASI
Uluslararası Standart Kitap Numarası 9786053325963
040 ## - KATALOGLAMA KAYNAK
Orijinal Kataloglama Ajansı TR-AnCHP
Kataloglama Dili tur
Metne Dönüştürmek Ajansı TR-AnCHP
041 ## - DİL KODU
Metin / Ses Parça Veya Ayrı Başlığın Dil Kodu tur
082 ## - DEWEY ONLU SINIFLANDIRMA NUMARASI
Sınıflandırma Numarası 650.1
Ürün Numarası M86l 2015
100 ## - ANA GİRİŞ - KİŞİSEL İSİM
Kişisel Ad Murray, Kevin
245 ## - BAŞLIK TABLOSU
Başlık Liderlik dili:
Başlığın Kalan başarılı ceo'ların iletişim sırları/
Sorumluluk Tablosu, Vb Kevin Murray; Çeviren Ümit Şensoy.
260 ## - YAYIN, DAĞITIM, VB
Yayın, Dağıtım, Vb Yeri İstanbul:
Yayıncı, Dağıtıcı, Vs Adı Türkiye İş Bankası Kültür Yayınları,
Yayın, Dağıtım, Vb Tarihi 2015
300 ## - FİZİKSEL TANIM
Kapsam xxx, 358 s.:
Diğer Fiziksel Ayrıntıları fotg.,grf.;
Boyutlar 23 sm.
490 0# - SERİSİ TABLOSU
Seri Beyanı Türkiye İş Bankası Kültür Yayınları;
Hacim / Ardışık Tanımı Genel yayın: 3418.
500 ## - GENEL NOT
Genel Not Özgün yapıtadı: The language of leaders how top CEOS communicate to inspire, influence and achieve results
650 ## - KONU KATMA GİRİŞ - TOPİKAL DÖNEM
Topikal Süreli Veya Coğrafi Ad Giriş Elemanı Liderlik
Genel Alt Bölümü iletişim
650 #0 - KONU KATMA GİRİŞ - TOPİKAL DÖNEM
Topikal Süreli Veya Coğrafi Ad Giriş Elemanı Yönetciler
Genel Alt Bölümü başarı
9 (RLIN) 6278
700 ## - KATMA GİRİŞ - KİŞİSEL İSİM
Kişisel Ad Şensoy, Ümit
Relator Terim çev.
942 ## - EKLENDİ GİRİŞ ELEMANLARI (KOHA)
Sınıflandırma Veya Raf Düzeni Kaynak Dewey Decimal Classification
Koha Öğesi Türü Books
Holdings
Kalıcı Konum Mevcut Konum Edinme Tarihi Toplam Check-Out'Lar Tam Çağrı Numarası Barkod Tarih Son Görülme İtibaren Geçerli Fiyatlar Koha Öğesi Türü
CHP Kütüphanesi CHP Kütüphanesi 02/14/2020   650.1 M86l 2015 013557 02/14/2020 02/14/2020 Books